Statistics for Canadian Teams in the "Big Four"

Click here to take the quiz!

General Stats

  • This quiz has been taken 105 times
  • The average score is 8 of 9

Answer Stats

Answer% Correct
Montreal Canadiens
95%
Toronto Maple Leafs
95%
Toronto Raptors
95%
Edmonton Oilers
92%
Vancouver Canucks
92%
Ottawa Senators
91%
Calgary Flames
87%
Toronto Blue Jays
87%
Winnipeg Jets
82%

Score Distribution

Percentile by Number Answered

Percent of People with Each Score

Your Score History

You have not taken this quiz